[Event "Serbia Championship 2006"]
[Site "Vrnjacka Banja"]
[Date "2006.01.31"]
[Round "2"]
[White "Maksimovic, Branimir"]
[Black "Savic, Miodrag R"]
[Result "1/2-1/2"]
[WhiteElo "2382"]
[BlackElo "2517"]
[PlyCount "83"]
[EventDate "2006.??.??"]

1. d4 Nf6 2. Nf3 e6 3. c4 b6 4. a3 Ba6 5. b3 d5 6. e3 Be7 7. Bd3 c5 8. O-O O-O
9. Bb2 Nbd7 10. Nbd2 Rc8 11. Qe2 Bb7 12. Rfd1 Qc7 13. Rac1 Qb8 14. Ne5 Rfd8 15.
f4 Nxe5 16. dxe5 Nd7 17. cxd5 Bxd5 18. e4 Bc6 19. a4 Nf8 20. Nc4 b5 21. axb5
Bxb5 22. Nd6 Bxd3 23. Rxd3 Bxd6 24. exd6 c4 25. bxc4 Rxd6 26. Rg3 g6 27. Qc2
Rdc6 28. Qc3 e5 29. Qxe5 Qxe5 30. Bxe5 f6 31. Ba1 Rxc4 32. Rxc4 Rxc4 33. Ra3
Rxe4 34. g3 Nd7 35. Rxa7 Re1+ 36. Kf2 Rd1 37. Ke2 Rd5 38. g4 Kf7 39. Ke3 Ke6
40. Ra6+ Rd6 41. f5+ gxf5 42. gxf5+ 1/2-1/2

[Event "Serbia Championship 2006"]
[Site "Vrnjacka Banja"]
[Date "2006.01.31"]
[Round "2"]
[White "Abramovic, Bosko"]
[Black "Misailovic, Nebojsa"]
[Result "1-0"]
[WhiteElo "2507"]
[BlackElo "2342"]
[PlyCount "131"]
[EventDate "2006.??.??"]

1. d4 Nf6 2. c4 g6 3. Nf3 Bg7 4. g3 d5 5. Bg2 dxc4 6. Na3 c3 7. bxc3 c5 8. O-O
O-O 9. e3 Nc6 10. Qe2 cxd4 11. cxd4 Bf5 12. Bb2 Rc8 13. Rfc1 Be4 14. Nc4 Nb4
15. Ne1 Bxg2 16. Nxg2 Qd5 17. Ba3 Nc6 18. Nf4 Qf5 19. Rab1 b6 20. Qd3 Rfd8 21.
Qxf5 gxf5 22. Ne5 Nxe5 23. dxe5 Ng4 24. Bxe7 Re8 25. Nd5 Nxe5 26. Bf6 Kf8 27.
h3 Nd7 28. Be7+ Kg8 29. Bd6 Bf8 30. Bf4 Rc5 31. Rxc5 Bxc5 32. Rd1 Kg7 33. Nc7
Re7 34. Rd5 Nf8 35. Rxf5 Ng6 36. Nd5 Re4 37. Bg5 Ra4 38. Bf6+ Kf8 39. Nc3 Ra3
40. Rd5 Be7 41. Bd4 Bb4 42. Nb5 Rxa2 43. Rd8+ Ke7 44. Ra8 a6 45. Ra7+ Ke6 46.
Bxb6 Kd5 47. Bd4 Kc4 48. Nc3 Rc2 49. Na4 Kb5 50. Nb2 a5 51. Rb7+ Kc6 52. Rxf7
Nf8 53. Nd3 Ba3 54. Rf5 Rd2 55. Ne5+ Kc7 56. Nc4 Rd1+ 57. Kg2 Bb4 58. Nxa5 Ne6
59. Nb3 Rb1 60. Nc5 Nxd4 61. exd4 Kd6 62. Ne4+ Kc6 63. d5+ Kb5 64. d6+ Kc6 65.
Rh5 Rd1 66. Rxh7 1-0

[Event "Serbia Championship 2006"]
[Site "Vrnjacka Banja"]
[Date "2006.01.31"]
[Round "2"]
[White "Nestorovic, Nikola D"]
[Black "Tadic, Branko"]
[Result "1-0"]
[WhiteElo "2361"]
[BlackElo "2491"]
[PlyCount "89"]
[EventDate "2006.??.??"]

1. e4 c5 2. Nf3 g6 3. d4 cxd4 4. Nxd4 Nf6 5. Nc3 Nc6 6. Be3 Bg7 7. Bc4 O-O 8.
Bb3 d6 9. f3 Bd7 10. Qd2 Nxd4 11. Bxd4 a5 12. a4 Qb8 13. g4 Be6 14. Bxe6 fxe6
15. O-O-O Rc8 16. g5 Nh5 17. Bxg7 Kxg7 18. f4 Rc5 19. Rhf1 Qe8 20. Qd4+ Kg8 21.
e5 Rd8 22. Qe3 Rc4 23. b3 Rc6 24. exd6 exd6 25. Nb5 Ng7 26. Rfe1 d5 27. Nd4
Rcd6 28. Qe5 Qf7 29. Rd2 Nf5 30. Nb5 Rc6 31. Na7 Ra6 32. Nb5 Rc6 33. Kb1 Qg7
34. Qxg7+ Kxg7 35. c4 Nh4 36. Nd4 dxc4 37. Nf5+ gxf5 38. Rxd8 Rb6 39. Re3 Ng2
40. Rf3 cxb3 41. Rd2 Nh4 42. Rh3 Ng6 43. Rd7+ Kg8 44. Rhxh7 Nxf4 45. g6 1-0

[Event "Serbia Championship 2006"]
[Site "Vrnjacka Banja"]
[Date "2006.01.31"]
[Round "2"]
[White "Milanovic, Danilo"]
[Black "Toth, Aleksandar"]
[Result "1/2-1/2"]
[WhiteElo "2486"]
[BlackElo "2302"]
[PlyCount "143"]
[EventDate "2006.??.??"]

1. d4 d5 2. c4 e6 3. Nc3 Be7 4. cxd5 exd5 5. Bf4 c6 6. e3 Bf5 7. g4 Be6 8. h3
Nd7 9. Nf3 Nb6 10. Bd3 Bd6 11. Qc2 Bxf4 12. exf4 Qd6 13. f5 Bd7 14. Qd2 f6 15.
O-O-O O-O-O 16. Ne2 Nh6 17. Nf4 Rde8 18. Nh5 Qf8 19. Rde1 Nf7 20. Qa5 Kc7 21.
Rxe8 Qxe8 22. Nxg7 Qf8 23. Nh5 Nd6 24. Kb1 Qf7 25. Nf4 h5 26. Re1 hxg4 27. hxg4
Rg8 28. Ng6 Qh7 29. Qd2 Re8 30. Nfh4 Qf7 31. Rxe8 Qxe8 32. Qe3 Qxe3 33. fxe3
Nbc4 34. Ng2 Nd2+ 35. Kc2 N2e4 36. N6f4 b6 37. Be2 a5 38. Ne1 Nf7 39. Nf3 Nh6
40. Nh2 Kd6 41. Bf3 Ng5 42. Be2 Ne4 43. Kd1 Be8 44. Ke1 Bf7 45. Nh3 c5 46. Bf3
a4 47. a3 b5 48. Bxe4 dxe4 49. Nf4 b4 50. Kd2 Kc6 51. Kc2 Kb5 52. dxc5 Kxc5 53.
Nh3 Bb3+ 54. Kd2 Bd5 55. Nf2 Nf7 56. axb4+ Kxb4 57. Nf1 Ne5 58. Kc2 Bb3+ 59.
Kc1 Bc4 60. Ng3 Bd5 61. Nh5 Nd7 62. Ng3 Ne5 63. Nh5 Nd7 64. Nf4 Bc6 65. Ne2 Ne5
66. Kc2 Nc4 67. Nd1 Ne5 68. Nd4 Bd5 69. Nf2 Nc4 70. Nd1 Ne5 71. Nf2 Nc4 72. Nd1
1/2-1/2

[Event "Serbia Championship 2006"]
[Site "Vrnjacka Banja"]
[Date "2006.01.31"]
[Round "2"]
[White "Kojovic, Dragan"]
[Black "Vratonjic, Slobo"]
[Result "1/2-1/2"]
[WhiteElo "2341"]
[BlackElo "2473"]
[PlyCount "92"]
[EventDate "2006.??.??"]

1. e4 c5 2. Nf3 e6 3. d4 cxd4 4. Nxd4 Nc6 5. Nb5 d6 6. Bf4 e5 7. Be3 Be7 8.
N1c3 Nf6 9. Nd5 Nxd5 10. exd5 Nb8 11. Qd2 a6 12. Na3 O-O 13. Be2 Nd7 14. Nc4 a5
15. a4 b6 16. O-O Nc5 17. f4 Ba6 18. Bxc5 Bxc4 19. Be3 exf4 20. Rxf4 Bxe2 21.
Qxe2 Bg5 22. Re4 Re8 23. Bf2 Rxe4 24. Qxe4 Bf6 25. c3 Be5 26. Qc4 h5 27. Qc6
Rb8 28. Re1 h4 29. Qc4 Qd7 30. Qxh4 b5 31. axb5 Qxb5 32. c4 Qxb2 33. c5 dxc5
34. Bxc5 Qd2 35. Qe4 Bc3 36. Rf1 Rd8 37. Rxf7 Qe1+ 38. Qxe1 Bxe1 39. Rf1 Rxd5
40. Rxe1 Rxc5 41. Re8+ Kf7 42. Ra8 Ke6 43. Kf2 Kd6 44. Ke3 Kc6 45. Kd4 Rg5 46.
g3 Rb5 1/2-1/2

[Event "Serbia Championship 2006"]
[Site "Vrnjacka Banja"]
[Date "2006.01.31"]
[Round "2"]
[White "Lajthajm, Borko"]
[Black "Jovanovic, Zoran"]
[Result "1-0"]
[WhiteElo "2464"]
[BlackElo "2291"]
[PlyCount "101"]
[EventDate "2006.??.??"]

1. e4 c5 2. c3 Nf6 3. e5 Nd5 4. Nf3 Nc6 5. d4 cxd4 6. Bc4 Nb6 7. Bb3 d5 8. exd6
Qxd6 9. cxd4 Be6 10. O-O Bxb3 11. Qxb3 e6 12. Nc3 Be7 13. Nb5 Qd8 14. Bf4 Rc8
15. Ne5 O-O 16. Nxc6 Rxc6 17. Nxa7 Rc4 18. a3 Ra4 19. Nb5 Qd5 20. Qxd5 Nxd5 21.
Bd2 h6 22. Rac1 Bg5 23. Bxg5 hxg5 24. b3 Ra6 25. Rc4 Kh7 26. Rfc1 Rd8 27. g3
Kg6 28. Kg2 Raa8 29. h3 Rh8 30. a4 Rhd8 31. R1c2 Kf6 32. Rc5 Nb4 33. R2c4 Nd5
34. Nc7 Rab8 35. Nxd5+ exd5 36. Rb4 Ke6 37. Rcb5 Rd7 38. Rb6+ Ke7 39. R4b5 Kd8
40. a5 Kc7 41. Rc5+ Kd8 42. Rbb5 f6 43. Rxd5 Rxd5 44. Rxd5+ Kc7 45. Rc5+ Kd6
46. Rb5 Kc6 47. Rb4 Kc7 48. Kf3 Re8 49. d5 Re5 50. d6+ Kxd6 51. Rxb7 1-0

[Event "Serbia Championship 2006"]
[Site "Vrnjacka Banja"]
[Date "2006.01.31"]
[Round "2"]
[White "Nikolic, Stanimir"]
[Black "Arsovic, Goran"]
[Result "0-1"]
[WhiteElo "2306"]
[BlackElo "2450"]
[PlyCount "97"]
[EventDate "2006.??.??"]

1. d4 Nf6 2. Nf3 g6 3. c4 Bg7 4. Nc3 d6 5. e4 O-O 6. Be2 e5 7. O-O Na6 8. d5
Nc5 9. Nd2 a5 10. Rb1 Bh6 11. Nb3 Bxc1 12. Nxc5 Bh6 13. Nd3 Nd7 14. Kh1 f5 15.
exf5 gxf5 16. f4 e4 17. Ne1 Nc5 18. Nc2 Bd7 19. Qd2 Qe7 20. Qe3 Kh8 21. Rf3 Rf6
22. Rh3 Rg8 23. Nd4 Qg7 24. Rg1 Rg6 25. g3 Bxf4 26. Qxf4 Qxd4 27. Rd1 Qf6 28.
Rf1 Qe5 29. Rh4 Rg5 30. Qc1 c6 31. Rhf4 a4 32. Qd2 Be8 33. Nd1 cxd5 34. cxd5
Bh5 35. Ne3 Bg4 36. Nd1 e3 37. Nxe3 Ne4 38. Qd3 Bxe2 39. Qxe2 Rxg3 40. Nxf5
Qxf4 41. Nxg3 Nxg3+ 42. hxg3 Qxg3 43. Qh2 Qd3 44. Rg1 Qxd5+ 45. Rg2 Qd1+ 46.
Rg1 Qf3+ 47. Rg2 Rxg2 48. Qxg2 Qxg2+ 49. Kxg2 0-1

[Event "Serbia Championship 2006"]
[Site "Vrnjacka Banja"]
[Date "2006.01.31"]
[Round "2"]
[White "Mihalj, Miroslav M"]
[Black "Tosic, Miroslav"]
[Result "0-1"]
[WhiteElo "2299"]
[BlackElo "2434"]
[PlyCount "92"]
[EventDate "2006.??.??"]

1. d4 Nf6 2. Nf3 e6 3. c4 b6 4. Nc3 Bb7 5. e3 d5 6. Bd3 a6 7. O-O Nbd7 8. Qe2
dxc4 9. Bxc4 b5 10. Bb3 c5 11. Rd1 Qc7 12. a3 Bd6 13. Ba2 O-O 14. h3 Rfd8 15.
Bd2 Rac8 16. Be1 Qb8 17. d5 exd5 18. Nxd5 c4 19. Nxf6+ Nxf6 20. Ba5 Re8 21. Nd4
g6 22. a4 Be4 23. axb5 axb5 24. Bb1 Bh2+ 25. Kh1 Be5 26. Bxe4 Nxe4 27. Qf3 Bd6
28. Nc2 b4 29. Rxd6 Qxd6 30. Bxb4 Qb6 31. Rd1 Rc6 32. Rd4 Rce6 33. Rxc4 Qb5 34.
b3 Rf6 35. Na3 Qd7 36. Rxe4 Rxf3 37. Rxe8+ Qxe8 38. gxf3 Qe6 39. Kg2 Qxb3 40.
Bd6 f6 41. Bc5 Kf7 42. Bd6 g5 43. Bc5 h5 44. Bd6 Ke6 45. Bc5 f5 46. Kg3 Qc3 0-1

[Event "Serbia Championship 2006"]
[Site "Vrnjacka Banja"]
[Date "2006.01.31"]
[Round "2"]
[White "Damjanovic, Dragan"]
[Black "Zlatic, Mihajlo"]
[Result "0-1"]
[WhiteElo "2290"]
[BlackElo "2417"]
[PlyCount "86"]
[EventDate "2006.??.??"]

1. d4 c5 2. d5 Nf6 3. c4 e5 4. Nc3 d6 5. e4 Be7 6. g3 O-O 7. Bg2 a6 8. a4 Ne8
9. Nge2 b6 10. O-O Ra7 11. f4 Bg4 12. h3 Bxe2 13. Nxe2 Nd7 14. Bd2 Rb7 15. b3
Bf6 16. Ra2 Nc7 17. Qc1 Qe7 18. f5 h6 19. h4 Rfb8 20. Kh2 b5 21. Ng1 bxc4 22.
bxc4 Rb3 23. Nf3 Ne8 24. a5 Qd8 25. Qe1 Be7 26. Qe2 Ndf6 27. Ng1 Rb2 28. Rfa1
R8b3 29. Bf3 Qb8 30. Rxb2 Rxb2 31. Ra3 h5 32. Kh1 Bd8 33. Qd3 Ng4 34. Bxg4 hxg4
35. Ne2 Nf6 36. Bc1 Rb1 37. Kg2 Qb4 38. Bd2 Qb2 39. Bc3 Qxa3 40. Qxb1 Bxa5 41.
Bxa5 Qxa5 42. Kf2 Qd2 43. h5 Kh7 0-1

[Event "Serbia Championship 2006"]
[Site "Vrnjacka Banja"]
[Date "2006.01.31"]
[Round "2"]
[White "Ristic, Nebojsa"]
[Black "Pap, Misa"]
[Result "0-1"]
[WhiteElo "2266"]
[BlackElo "2402"]
[PlyCount "80"]
[EventDate "2006.??.??"]

1. d4 Nf6 2. c4 c5 3. d5 b5 4. cxb5 a6 5. bxa6 Bxa6 6. Nc3 d6 7. e4 Bxf1 8.
Kxf1 g6 9. g3 Bg7 10. Kg2 O-O 11. Nf3 Nbd7 12. a3 Ra6 13. Bg5 h6 14. Bd2 Qa8
15. Re1 Kh7 16. Qc2 Nb6 17. b3 Nfd7 18. Rac1 f5 19. exf5 Rxf5 20. Rxe7 Qf8 21.
Re3 Bd4 22. Re6 Qf7 23. Qe4 Ne5 24. Qh4 Nxf3 25. Qxh6+ Kg8 26. Rxg6+ Bg7 27.
Bf4 Nh4+ 28. gxh4 Rxf4 29. Re1 Ra8 30. Kh1 Rf6 31. Rxf6 Bxh6 32. Rxf7 Kxf7 33.
Re2 Bg7 34. Ne4 Be5 35. f4 Bxf4 36. Rf2 Nxd5 37. Nxd6+ Ke6 38. Nc4 Kf5 39. Rf3
Ra7 40. Rf1 Rh7 0-1

[Event "Serbia Championship 2006"]
[Site "Vrnjacka Banja"]
[Date "2006.01.31"]
[Round "2"]
[White "Nestorovic, Dejan"]
[Black "Vrbljanac, Aleksandar"]
[Result "0-1"]
[WhiteElo "2399"]
[BlackElo "2270"]
[PlyCount "114"]
[EventDate "2006.??.??"]

1. d4 Nf6 2. c4 g6 3. Nc3 Bg7 4. e4 d6 5. Be2 O-O 6. Bg5 Na6 7. Qd2 Qe8 8. h4
e5 9. d5 Nc5 10. Bf3 h5 11. O-O-O Bd7 12. Kb1 b5 13. cxb5 Bxb5 14. Qe3 Rb8 15.
Nge2 Bd7 16. Qd2 a5 17. Nc1 a4 18. Nd3 a3 19. b3 Nxd3 20. Qxd3 Rb4 21. Bc1 Rd4
22. Qa6 Qa8 23. Qxa8 Rxa8 24. Be3 Rxd1+ 25. Rxd1 Ng4 26. Bxg4 hxg4 27. h5 gxh5
28. Rh1 Bf6 29. Rxh5 Kg7 30. g3 Be7 31. Kc2 c6 32. Kd3 Bd8 33. Rh6 f6 34. Rh1
Ba5 35. dxc6 Bxc6 36. Rc1 f5 37. exf5 d5 38. Bd2 Kf6 39. Ke2 d4 40. Nb1 Bf3+
41. Kd3 Bb6 42. Bb4 e4+ 43. Kd2 e3+ 44. Kd3 Kxf5 45. Bc5 Rc8 46. b4 Bxc5 47.
bxc5 exf2 48. Nd2 Re8 49. Nxf3 gxf3 50. Rf1 Kg4 51. Rxf2 Kxg3 52. Rf1 Kg2 53.
Rc1 f2 54. Kxd4 f1=Q 55. Rxf1 Kxf1 56. Kc4 Ke2 57. Kb4 Ra8 0-1

[Event "Serbia Championship 2006"]
[Site "Vrnjacka Banja"]
[Date "2006.01.31"]
[Round "2"]
[White "Muratovic, Alija"]
[Black "Vukanovic, Sasa"]
[Result "1-0"]
[WhiteElo "2437"]
[BlackElo "2337"]
[PlyCount "75"]
[EventDate "2006.??.??"]

1. e4 Nf6 2. e5 Nd5 3. d4 d6 4. Nf3 g6 5. Be2 Bg7 6. O-O O-O 7. c4 Nb6 8. exd6
cxd6 9. Nc3 Bg4 10. Be3 Nc6 11. b3 d5 12. c5 Nc8 13. Rc1 e6 14. Qd2 Bxf3 15.
Bxf3 N8e7 16. Ne2 Nf5 17. b4 a6 18. a4 h5 19. b5 axb5 20. axb5 Na5 21. Qb4 Nh4
22. Bf4 Nxf3+ 23. gxf3 Nc4 24. b6 Qd7 25. Ra1 e5 26. dxe5 Nxe5 27. Bxe5 Bxe5
28. Ra7 Rac8 29. Kg2 Rfe8 30. Nc1 Bb8 31. Ra3 Re5 32. Qh4 Rf5 33. Nd3 d4 34.
Re1 Kg7 35. Re7 Qd8 36. Qe4 Rfxc5 37. Nxc5 Rxc5 38. Rd3 1-0

[Event "Serbia Championship 2006"]
[Site "Vrnjacka Banja"]
[Date "2006.01.31"]
[Round "2"]
[White "Arsovic, Zoran"]
[Black "Mirkovic, Stevan"]
[Result "1/2-1/2"]
[WhiteElo "2417"]
[BlackElo "2191"]
[PlyCount "133"]
[EventDate "2006.??.??"]

1. Nf3 Nf6 2. c4 b6 3. Nc3 c5 4. e3 e6 5. d4 cxd4 6. exd4 d5 7. Bd3 dxc4 8.
Bxc4 Bb7 9. O-O Be7 10. Qe2 O-O 11. Bg5 Nc6 12. Rad1 Nb4 13. Ne5 Nbd5 14. Rd3
Nxc3 15. bxc3 Nd5 16. Bd2 Bf6 17. Rh3 g6 18. Bb3 Bg7 19. Qg4 Nf6 20. Qe2 Ne4
21. Bf4 Rc8 22. Rc1 a6 23. Rd3 b5 24. Ng4 Bd5 25. Re3 Nf6 26. Bg5 h5 27. Bxd5
exd5 28. Ne5 Qd6 29. Bf4 Qa3 30. Rc2 Qa4 31. f3 b4 32. Qd2 bxc3 33. Rexc3 Rxc3
34. Qxc3 Nd7 35. Be3 Nxe5 36. dxe5 Bxe5 37. Qd3 Bg7 38. Rd2 d4 39. Bf4 Qb5 40.
Qxb5 axb5 41. Kf2 Ra8 42. Bd6 Bf6 43. a3 Rc8 44. Bb4 Kg7 45. Ke2 Re8+ 46. Kf2
Bg5 47. Rd1 Bf6 48. Rd3 Rc8 49. Ke2 Rc2+ 50. Rd2 Rxd2+ 51. Kxd2 Be5 52. Kd3 Kf6
53. f4 Bxf4 54. Kxd4 Bxh2 55. Kc5 Ke6 56. Kxb5 Kd7 57. Kb6 Kc8 58. Kc6 g5 59.
Be7 Bf4 60. a4 f5 61. a5 Kb8 62. Kd5 Bd2 63. Ke5 f4 64. Ke4 Bxa5 65. Bxg5 Kc8
66. Bxf4 Kd7 67. Kf5 1/2-1/2

[Event "Serbia Championship 2006"]
[Site "Vrnjacka Banja"]
[Date "2006.01.31"]
[Round "2"]
[White "Stupavski, Zdenko"]
[Black "Pantic, Ivica"]
[Result "1-0"]
[WhiteElo "2409"]
[BlackElo "2201"]
[PlyCount "82"]
[EventDate "2006.??.??"]

1. e4 c5 2. Nf3 e6 3. d4 cxd4 4. Nxd4 a6 5. Nc3 Qc7 6. g3 h5 7. h3 Bb4 8. Nde2
Nf6 9. Bf4 Qc4 10. Qd3 Qxe4 11. Qxe4 Nxe4 12. Bg2 Nxc3 13. Nxc3 d5 14. O-O-O
Bxc3 15. bxc3 b5 16. Rhe1 O-O 17. Bf3 g6 18. g4 h4 19. Bh6 Rd8 20. Bg5 Rd6 21.
Bxh4 Bb7 22. Bg3 Rd7 23. Be5 Nc6 24. Bf6 Rc8 25. h4 b4 26. h5 bxc3 27. hxg6
fxg6 28. g5 Kf7 29. Bg4 Rd6 30. Rh1 Rb8 31. Rh7+ Ke8 32. Rdh1 Bc8 33. Rh8+ Kd7
34. R1h7+ Ne7 35. Bxe7 Kc6 36. Bxd6 Kxd6 37. Rd8+ Ke5 38. Rc7 Rb4 39. Rdxc8
Rxg4 40. Rxc3 d4 41. R3c5+ Kf4 1-0

[Event "Serbia Championship 2006"]
[Site "Vrnjacka Banja"]
[Date "2006.01.31"]
[Round "2"]
[White "Pantovic, Dragan M"]
[Black "Marcetic, Predrag"]
[Result "1-0"]
[WhiteElo "2129"]
[BlackElo "2208"]
[PlyCount "143"]
[EventDate "2006.??.??"]

1. d4 Nf6 2. c4 e6 3. Nf3 b6 4. g3 Bb7 5. Bg2 Be7 6. Nc3 Ne4 7. Bd2 f5 8. d5
Bf6 9. Rc1 O-O 10. O-O Qe7 11. Be1 Nxc3 12. Bxc3 e5 13. Qc2 d6 14. Bh3 g6 15.
e4 fxe4 16. Nd2 Bc8 17. Bxc8 Rxc8 18. Nxe4 Bg7 19. f4 Nd7 20. Rce1 h6 21. Nd2
Kh7 22. Nf3 Rf8 23. Nh4 Qe8 24. Rf2 Bf6 25. Nf3 Qe7 26. Nd2 Rae8 27. f5 g5 28.
b4 Qf7 29. Ne4 b5 30. c5 dxc5 31. bxc5 Qxd5 32. Rd1 Qc6 33. Rfd2 Re7 34. Rd5
Rff7 35. Qd3 a6 36. g4 Kg7 37. Be1 Nf8 38. Bg3 Rd7 39. Nxf6 Kxf6 40. Bxe5+ Ke7
41. Qe4 Rxd5 42. Rxd5 Nd7 43. Bxc7+ Kf8 44. Bd6+ Kg7 45. Qe6 Rf6 46. Be5 Qxe6
47. fxe6 Nxe5 48. Rxe5 Rf8 49. e7 Re8 50. Re6 Kf7 51. Rxh6 Kxe7 52. Rxa6 Rc8
53. c6 Kd6 54. Kg2 Re8 55. Kf3 Rf8+ 56. Kg3 Rh8 57. Rb6 Kc5 58. Ra6 Kd6 59. c7+
Kxc7 60. Rg6 Ra8 61. Rxg5 Kc6 62. h4 Rxa2 63. Rg8 b4 64. Rb8 Kc5 65. h5 Kc4 66.
h6 Ra7 67. g5 b3 68. Kf4 Kc3 69. Rc8+ Kd4 70. g6 Ra1 71. h7 Rf1+ 72. Kg3 1-0

[Event "Serbia Championship 2006"]
[Site "Vrnjacka Banja"]
[Date "2006.01.31"]
[Round "2"]
[White "Jevtic, Miroljub L"]
[Black "Stojanovic, Zlatko"]
[Result "1-0"]
[WhiteElo "2153"]
[BlackElo "2258"]
[PlyCount "53"]
[EventDate "2006.??.??"]

1. d4 d6 2. Nf3 g6 3. e4 Bg7 4. c3 Nf6 5. Bd3 O-O 6. O-O c5 7. h3 Nfd7 8. d5
Na6 9. Bxa6 bxa6 10. Qc2 Nb6 11. Nbd2 Bd7 12. Rb1 Na4 13. Re1 Rb8 14. e5 Qc7
15. b3 Bf5 16. Ne4 Nb6 17. exd6 exd6 18. c4 Rbe8 19. g4 Bxe4 20. Rxe4 Rxe4 21.
Qxe4 Qd7 22. Bg5 Re8 23. Qd3 h5 24. gxh5 Qxh3 25. hxg6 Bd4 26. gxf7+ Kxf7 27.
Ne5+ 1-0

[Event "Serbia Championship 2006"]
[Site "Vrnjacka Banja"]
[Date "2006.01.31"]
[Round "2"]
[White "Radosavljevic, Novica"]
[Black "Kahrovic, Mersid"]
[Result "1-0"]
[WhiteElo "2142"]
[BlackElo "2253"]
[PlyCount "63"]
[EventDate "2006.??.??"]

1. e4 d6 2. d4 Nf6 3. Nc3 g6 4. Nf3 Bg7 5. Be2 c5 6. d5 Nbd7 7. O-O a6 8. a4
O-O 9. Nd2 b6 10. f4 Bb7 11. Bf3 Qc7 12. Kh1 Rad8 13. Ra3 Rfe8 14. g4 Kh8 15.
Nc4 Ng8 16. Rb3 Ba8 17. Qd3 Rb8 18. Bg2 Bxc3 19. Qxc3+ f6 20. Na3 Kg7 21. g5 e6
22. Qc4 exd5 23. exd5 Bb7 24. Rg3 Ne7 25. gxf6+ Nxf6 26. f5 Nexd5 27. Qh4 Ng8
28. fxg6 hxg6 29. Rh3 Ngf6 30. Qh6+ Kf7 31. Qh7+ Ke6 32. Re1+ 1-0

[Event "Serbia Championship 2006"]
[Site "Vrnjacka Banja"]
[Date "2006.01.31"]
[Round "2"]
[White "Bozilov, Novica"]
[Black "Keserovic, Milan"]
[Result "1-0"]
[WhiteElo "2023"]
[BlackElo "2225"]
[PlyCount "86"]
[EventDate "2006.??.??"]

1. e4 e5 2. Nf3 Nc6 3. Bc4 Nf6 4. d3 Bc5 5. c3 d6 6. b4 Bb6 7. a4 a6 8. a5 Ba7
9. Qb3 O-O 10. O-O Qe7 11. Bg5 h6 12. Be3 Be6 13. Bxa7 Rxa7 14. Na3 Bg4 15. Nd2
Nh5 16. Nc2 Qg5 17. Ne3 Be2 18. Rfe1 Nf4 19. Rxe2 Nxe2+ 20. Kf1 Nf4 21. g3 Ng6
22. h4 Qf6 23. Kg2 Nge7 24. Nf3 Qg6 25. Rh1 h5 26. Ng5 Nd8 27. Rf1 Kh8 28. f4
f6 29. fxe5 dxe5 30. Nf3 Qh6 31. Nd5 Nxd5 32. Bxd5 Re8 33. Qd1 Ra8 34. Qe2 c6
35. Bc4 Ne6 36. Ne1 Rad8 37. Rf5 Qc1 38. Qxh5+ Kg8 39. Nf3 Kf8 40. Bxe6 Rxe6
41. Ng5 Rd7 42. Nxe6+ Ke7 43. Nc5 Rd8 1-0

[Event "Serbia Championship 2006"]
[Site "Vrnjacka Banja"]
[Date "2006.01.31"]
[Round "2"]
[White "Maksimovic, Miroslav"]
[Black "Bojovic, Dusan"]
[Result "1/2-1/2"]
[WhiteElo "2212"]
[BlackElo "2116"]
[PlyCount "99"]
[EventDate "2006.??.??"]

1. e4 c5 2. Nf3 Nc6 3. d4 cxd4 4. Nxd4 g6 5. c4 Bg7 6. Be3 Nf6 7. Nc3 d6 8. Be2
O-O 9. O-O Nd7 10. Rb1 a5 11. Qd2 Nc5 12. b3 Nxd4 13. Bxd4 Bxd4 14. Qxd4 Bd7
15. Rfe1 Bc6 16. Bg4 Qb6 17. Nd5 Bxd5 18. exd5 Rae8 19. a3 Nd7 20. Rbd1 Qxd4
21. Rxd4 Ne5 22. Bd1 f5 23. f4 Nd7 24. b4 Kf7 25. Bb3 axb4 26. axb4 b6 27. Ba4
Rd8 28. Rd3 Nf6 29. Rde3 Rfe8 30. Bc6 Ne4 31. Bxe8+ Rxe8 32. Ra3 Rc8 33. Rc1 b5
34. c5 dxc5 35. bxc5 Rxc5 36. Rxc5 Nxc5 37. Ra5 Ne4 38. Rxb5 Nc3 39. Rb7 Nxd5
40. g3 h5 41. Kg2 Kf6 42. Ra7 Nc3 43. Ra6+ Kf7 44. Kf3 Ne4 45. Ra7 Nd2+ 46. Ke2
Ne4 47. Ke3 Nf6 48. Kf3 Ng4 49. h3 Nf6 50. Ra5 1/2-1/2

[Event "Serbia Championship 2006"]
[Site "Vrnjacka Banja"]
[Date "2006.01.31"]
[Round "2"]
[White "Mrsevic, Miroslav"]
[Black "Rosandic, Martin"]
[Result "1-0"]
[WhiteElo "2202"]
[BlackElo "1857"]
[PlyCount "79"]
[EventDate "2006.??.??"]

1. g3 d5 2. Bg2 c6 3. f4 g6 4. Nf3 Bg7 5. d3 Qb6 6. Nc3 Qb4 7. Qd2 Nd7 8. a3
Qd6 9. e4 d4 10. Ne2 e5 11. O-O c5 12. f5 Ngf6 13. Nh4 a5 14. a4 Ra6 15. Qe1 b6
16. Bd2 Ra7 17. Qc1 h5 18. fxg6 fxg6 19. Nxg6 Rh7 20. Nh4 Nf8 21. Bg5 Rf7 22.
Qd2 Bg4 23. h3 Be6 24. Rf2 c4 25. dxc4 Bxc4 26. Nf5 Qc6 27. b3 Be6 28. Nxg7+
Rhxg7 29. Bxf6 Rg6 30. Bxe5 Qc8 31. Rxf7 Bxf7 32. Rf1 Ne6 33. Nf4 Rxg3 34. Nxe6
Qxe6 35. Bxg3 Qd7 36. Qh6 d3 37. Bd6 Qe6 38. Qf8+ Kd7 39. Rxf7+ Kc6 40. Rc7#
1-0